[Event "FIDE World Rapid Team"]
[Site "London ENG"]
[Date "2025.06.11"]
[Round "3.3"]
[White "Dardha, Daniel"]
[Black "Yakubboev, Nodirbek"]
[Result "1-0"]
[WhiteTitle "GM"]
[BlackTitle "GM"]
[WhiteElo "2646"]
[BlackElo "2659"]
[WhiteTeam "Knight Dance"]
[BlackTeam "Uzbekistan"]
[WhiteFideId "240990"]
[BlackFideId "14203987"]
[EventDate "2025.06.11"]
[EventType "team"]

1. Nf3 d5 2. b3 c5 3. e3 e6 4. Bb2 Nc6 5. Bb5 Ne7 6. O-O a6 7. Be2 d4 8. a4 Ng6
9. Na3 Be7 10. exd4 cxd4 11. Re1 e5 12. Bf1 f5 13. b4 e4 14. b5 axb5 15. axb5
Nb8 16. Nxd4 Bxa3 17. c3 O-O 18. Bxa3 Re8 19. d3 Qf6 20. dxe4 fxe4 21. Bc4+ Kh8
22. Bd5 e3 23. Rxe3 Rxe3 24. fxe3 Nd7 25. Bb2 Rxa1 26. Bxa1 Nde5 27. c4 Ng4 28.
Nf3 Qe7 29. e4 Nf4 30. Qd2 Qa3 31. Bb2 Qb3 32. h3 Nxd5 33. exd5 Ne3 34. Qd4 Nf5
35. Qc5 Qe3+ 36. Qxe3 Nxe3 37. Ne5 Kg8 38. d6 1-0

[Event "FIDE World Rapid Team"]
[Site "London ENG"]
[Date "2025.06.11"]
[Round "3.4"]
[White "Vokhidov, Shamsiddin"]
[Black "Maurizzi, Marc'Andria"]
[Result "1-0"]
[WhiteTitle "GM"]
[BlackTitle "GM"]
[WhiteElo "2644"]
[BlackElo "2607"]
[WhiteTeam "Uzbekistan"]
[BlackTeam "Knight Dance"]
[WhiteFideId "14204223"]
[BlackFideId "36083534"]
[EventDate "2025.06.11"]
[EventType "team"]

1. e4 e5 2. Nf3 d6 3. d4 exd4 4. Nxd4 Nf6 5. Nc3 g6 6. Be3 Ng4 7. Bf4 Bg7 8. Qd2
Nc6 9. Bb5 Bd7 10. Bxc6 bxc6 11. O-O-O Rb8 12. Nf3 O-O 13. h3 Nf6 14. e5 Nd5 15.
Nxd5 cxd5 16. Bh6 Be6 17. Bxg7 Kxg7 18. Rhe1 dxe5 19. Nxe5 Qd6 20. Nd3 c6 21. g4
Kg8 22. Qf4 Rfd8 23. Qf6 Re8 24. f4 Qd8 25. Qd4 Qb6 26. Nc5 Qb4 27. Qxb4 Rxb4
28. f5 Rb5 29. b4 1-0

[Event "FIDE World Rapid Team"]
[Site "London ENG"]
[Date "2025.06.11"]
[Round "3.5"]
[White "Roebers, Eline"]
[Black "Khamdamova, Afruza"]
[Result "0-1"]
[WhiteTitle "IM"]
[BlackTitle "WIM"]
[WhiteElo "2356"]
[BlackElo "2326"]
[WhiteTeam "Knight Dance"]
[BlackTeam "Uzbekistan"]
[WhiteFideId "1058401"]
[BlackFideId "14210444"]
[EventDate "2025.06.11"]
[EventType "team"]

1. e4 e5 2. Nc3 Nf6 3. d4 exd4 4. Qxd4 Nc6 5. Qd3 Bb4 6. Bd2 O-O 7. O-O-O Re8 8.
Nge2 d6 9. Bg5 h6 10. Bxf6 Qxf6 11. Nd5 Qd8 12. Nxb4 Nxb4 13. Qd2 a5 14. Nc3 Be6
15. a3 Na6 16. h4 Nc5 17. f3 Qe7 18. g4 Rad8 19. Qg2 c6 20. Bd3 b5 21. Ne2 Nxd3+
22. cxd3 b4 23. a4 Bb3 24. Rdg1 d5 25. Kb1 dxe4 26. fxe4 Qd6 27. Rh3 c5 28. g5
h5 29. Qf3 g6 30. d4 Bc4 31. dxc5 Qe5 32. Kc1 Bxe2 33. Qxe2 Qxc5+ 0-1

[Event "FIDE World Rapid Team"]
[Site "London ENG"]
[Date "2025.06.11"]
[Round "3.6"]
[White "Imomkuzieva, Nilufarkhon"]
[Black "Phulpin, Theo"]
[Result "1-0"]
[WhiteTitle "WFM"]
[WhiteElo "2066"]
[BlackElo "1773"]
[WhiteTeam "Uzbekistan"]
[BlackTeam "Knight Dance"]
[WhiteFideId "14216736"]
[BlackFideId "36001600"]
[EventDate "2025.06.11"]
[EventType "team"]

1. e4 c5 2. Nf3 d6 3. d4 cxd4 4. Nxd4 Nf6 5. Nc3 a6 6. h3 e6 7. g4 h6 8. Bg2 Qc7
9. h4 Nc6 10. g5 Nxd4 11. Qxd4 hxg5 12. hxg5 Rxh1+ 13. Bxh1 Nd7 14. f4 b5 15.
Be3 Bb7 16. O-O-O Rc8 17. Rd2 Qa5 18. Kb1 Nc5 19. a3 Qc7 20. Bg1 e5 21. Qe3 Ne6
22. f5 Nd4 23. Qh3 Nc6 24. Nd5 Qa5 25. Qd3 b4 26. a4 Nd4 27. Bxd4 exd4 28. Qxd4
Qxa4 29. Nb6 Qb5 30. Nxc8 Bxc8 31. Bf3 Qf1+ 32. Bd1 Qb5 33. Be2 Qb7 34. Qd5 Qb6
35. Bh5 Qg1+ 36. Rd1 Qxg5 37. Qxf7+ Kd8 38. Qxf8+ Kc7 39. Qxd6+ Kb7 40. Qxb4+
Kc7 41. Be8 Qg4 42. Qc5+ Kb7 43. Bc6+ Kc7 44. Bd5+ Kd8 45. Bb3+ Qxd1+ 46. Ka2
Qe1 47. Qf8+ Kc7 48. Qxg7+ Bd7 49. Qe5+ Kd8 50. f6 a5 51. f7 Qb4 52. Qf6+ Kc7
53. f8=Q a4 54. Q8d8+ Kb7 55. Bd5+ Ka7 56. Qa8# 1-0

[Event "FIDE World Rapid Team"]
[Site "London ENG"]
[Date "2025.06.11"]
[Round "3.1"]
[White "Anand, Viswanathan"]
[Black "Kozak, Adam"]
[Result "1-0"]
[WhiteTitle "GM"]
[BlackTitle "GM"]
[WhiteElo "2743"]
[BlackElo "2587"]
[WhiteTeam "Freedom"]
[BlackTeam "Team Hungary"]
[WhiteFideId "5000017"]
[BlackFideId "753246"]
[EventDate "2025.06.11"]
[EventType "team"]

1. e4 c5 2. Nf3 d6 3. d4 cxd4 4. Nxd4 Nf6 5. Bd3 Nc6 6. Nxc6 bxc6 7. O-O g6 8.
b3 Bg7 9. Bb2 O-O 10. Nd2 Nh5 11. Bxg7 Kxg7 12. f4 e5 13. fxe5 dxe5 14. Nf3 Nf4
15. Bc4 Qe7 16. Qd2 Be6 17. Bxe6 Nxe6 18. Rad1 Rfd8 19. Qc3 f6 20. Rxd8 Nxd8 21.
Rd1 Rc8 22. Nd2 Nf7 23. Nc4 Rd8 24. Rd3 Qc5+ 25. Kf1 Rd4 26. Na5 Qb6 27. Nxc6
Rxe4 28. g3 Qb7 29. Qc5 Qc8 30. Kg1 Re1+ 31. Kf2 Rc1 32. Ke3 e4 33. Rd5 Qg4 34.
Nd4 Qd1 35. Ne6+ 1-0

[Event "FIDE World Rapid Team"]
[Site "London ENG"]
[Date "2025.06.11"]
[Round "3.2"]
[White "Kantor, Gergely"]
[Black "Sevian, Samuel"]
[Result "0-1"]
[WhiteTitle "GM"]
[BlackTitle "GM"]
[WhiteElo "2584"]
[BlackElo "2687"]
[WhiteTeam "Team Hungary"]
[BlackTeam "Freedom"]
[WhiteFideId "751499"]
[BlackFideId "2040506"]
[EventDate "2025.06.11"]
[EventType "team"]

1. e4 c5 2. Nf3 Nc6 3. Bb5 e6 4. O-O Nge7 5. Re1 Ng6 6. c3 a6 7. Bf1 Be7 8. d4
cxd4 9. cxd4 d5 10. e5 O-O 11. Nc3 Bd7 12. g3 h6 13. Bd3 Be8 14. h4 f6 15. exf6
Rxf6 16. Nh2 Rc8 17. Ng4 Nxd4 18. Nxf6+ Bxf6 19. Be3 Nc6 20. Ne2 Nge5 21. Nf4
Nxd3 22. Qxd3 Ne5 23. Qe2 Bb5 24. Qh5 Qe8 25. Rac1 Bc6 26. Qxe8+ Rxe8 27. Red1
d4 28. Bd2 Nf3+ 29. Kf1 e5 30. Nd3 e4 31. Nb4 Bb5+ 32. Kg2 Be2 33. Bf4 g5 34.
Nd5 Bg7 35. Nc7 Rc8 36. hxg5 hxg5 37. Ne6 Rxc1 38. Rxc1 gxf4 39. Rc8+ Kf7 40.
Nxf4 d3 41. Rc7+ Kg8 42. Rd7 Nd4 43. Rd8+ Kh7 44. Rd7 Bf3+ 45. Kh3 d2 0-1

[Event "FIDE World Rapid Team"]
[Site "London ENG"]
[Date "2025.06.11"]
[Round "3.3"]
[White "Sarana, Alexey"]
[Black "Erdos, Viktor"]
[Result "1/2-1/2"]
[WhiteTitle "GM"]
[BlackTitle "GM"]
[WhiteElo "2686"]
[BlackElo "2545"]
[WhiteTeam "Freedom"]
[BlackTeam "Team Hungary"]
[WhiteFideId "24133795"]
[BlackFideId "719978"]
[EventDate "2025.06.11"]
[EventType "team"]

1. d4 d5 2. c4 c5 3. cxd5 Qxd5 4. Nf3 cxd4 5. Nc3 Qa5 6. Nxd4 Nf6 7. Bd2 e5 8.
Nb3 Qd8 9. e4 Bb4 10. f3 Be6 11. Be3 Qxd1+ 12. Rxd1 Nbd7 13. Kf2 O-O 14. Nd5
Bxd5 15. exd5 Rfc8 16. Bd3 Nb6 17. Bf5 Rd8 18. a3 Bf8 19. Bxb6 axb6 20. Rhe1 g6
21. Bb1 Bd6 22. Re2 b5 23. Bd3 b4 24. axb4 Ra4 25. b5 Nd7 26. Re4 Rxe4 27. fxe4
Nc5 28. Na5 Kf8 29. Bc2 Rb8 30. Nc4 Ke7 31. Ra1 Nd7 32. Ke2 Bc5 33. Ra2 f6 34.
Bd3 Nb6 35. b4 Bd4 36. g4 Nxc4 37. Bxc4 Bc3 38. Ra4 Kd6 39. Kd3 Be1 40. Kc2 Rh8
41. Ra7 Kc7 42. Kb3 Bf2 43. d6+ Kb6 44. Ra1 Rd8 45. Rf1 Bh4 46. Rd1 Bf2 47. Be6
Bd4 48. d7 Kc7 49. Rc1+ Kd6 50. Rc8 Bb6 51. Bd5 Kxd7 52. Rc1 Rb8 53. Rf1 Ke7 54.
g5 Rf8 55. gxf6+ Rxf6 56. Rc1 Rf3+ 57. Ka4 Rf2 58. h3 Rh2 59. Bxb7 Rxh3 60. Rc6
Bd4 61. b6 Rc3 62. Kb5 Rxc6 63. Kxc6 Kd8 64. Ba6 h5 65. Kb7 g5 66. Bc4 g4 67.
Be6 Be3 68. Kc6 Bd4 69. Bf5 Be3 70. b5 Bd4 71. Kd6 Bxb6 72. Kxe5 Ke7 73. Kf4 Kd6
74. e5+ Kc5 75. Bd3 Bc7 76. Kf5 g3 77. Bf1 Bxe5 78. Kxe5 g2 79. Ke4 1/2-1/2

[Event "FIDE World Rapid Team"]
[Site "London ENG"]
[Date "2025.06.11"]
[Round "3.4"]
[White "Ruck, Robert"]
[Black "Martirosyan, Haik M."]
[Result "1/2-1/2"]
[WhiteTitle "GM"]
[BlackTitle "GM"]
[WhiteElo "2515"]
[BlackElo "2635"]
[WhiteTeam "Team Hungary"]
[BlackTeam "Freedom"]
[WhiteFideId "705713"]
[BlackFideId "13306553"]
[EventDate "2025.06.11"]
[EventType "team"]

1. Nf3 d5 2. d4 Nf6 3. c4 e6 4. Nc3 Nbd7 5. Bg5 h6 6. Bh4 Bb4 7. cxd5 exd5 8.
Qc2 g5 9. Bg3 Ne4 10. Nd2 Nxg3 11. hxg3 Nb6 12. e3 c6 13. O-O-O Qf6 14. Nf3 Bg4
15. Be2 O-O-O 16. Ne5 Bxe2 17. Qxe2 Bxc3 18. bxc3 Kb8 19. Kb1 Qe6 20. Ka1 f6 21.
Nd3 Qe7 22. Rb1 Nc4 23. Rb3 b6 24. Nb2 Na5 25. Rb4 h5 26. Qa6 Qb7 27. Qe2 Qe7
28. Qa6 Qb7 29. Qe2 Qe7 30. Qa6 Qb7 31. Qe2 1/2-1/2

[Event "FIDE World Rapid Team"]
[Site "London ENG"]
[Date "2025.06.11"]
[Round "3.5"]
[White "Muzychuk, Anna"]
[Black "Gaal, Zsoka"]
[Result "1-0"]
[WhiteTitle "GM"]
[BlackTitle "WGM"]
[WhiteElo "2535"]
[BlackElo "2391"]
[WhiteTeam "Freedom"]
[BlackTeam "Team Hungary"]
[WhiteFideId "14111330"]
[BlackFideId "777765"]
[EventDate "2025.06.11"]
[EventType "team"]

1. e4 c6 2. d4 d5 3. e5 Bf5 4. h4 f6 5. h5 fxe5 6. dxe5 Nh6 7. Bd3 Bxd3 8. Qxd3
e6 9. Bxh6 gxh6 10. Nd2 Qc7 11. f4 Rg8 12. O-O-O Qf7 13. Ngf3 Nd7 14. Nd4 Bc5
15. N2b3 Qxf4+ 16. Kb1 Bxd4 17. Nxd4 Qf7 18. Qh3 O-O-O 19. Qa3 Rdf8 20. Qxa7
Rxg2 21. Qa8+ Nb8 22. Qa3 Rg5 23. Nxe6 Re8 24. Nxg5 hxg5 25. Rde1 Re6 26. Rhf1
Qxh5 27. Rf8+ Re8 28. Qe7 Rxf8 29. Qxf8+ Kc7 30. Qd6+ Kc8 31. Rf1 Nd7 32. e6 1-0

[Event "FIDE World Rapid Team"]
[Site "London ENG"]
[Date "2025.06.11"]
[Round "3.6"]
[White "Marton-John, Almos Kiran"]
[Black "Mani, Sarbartho"]
[Result "1-0"]
[WhiteElo "1987"]
[BlackElo "1847"]
[WhiteTeam "Team Hungary"]
[BlackTeam "Freedom"]
[WhiteFideId "17013135"]
[BlackFideId "366112022"]
[EventDate "2025.06.11"]
[EventType "team"]

1. e4 e6 2. d4 d5 3. Nd2 Nf6 4. e5 Nfd7 5. Bd3 c5 6. c3 Nc6 7. Ne2 cxd4 8. cxd4
f6 9. exf6 Nxf6 10. Nf3 Bd6 11. O-O O-O 12. Bg5 Qc7 13. Bh4 Bd7 14. Rc1 Qb8 15.
Bg3 e5 16. dxe5 Nxe5 17. Nxe5 Bxe5 18. Bxe5 Qxe5 19. Qd2 Kh8 20. Ng3 Rae8 21.
Qc3 Bc6 22. Qxe5 Rxe5 23. Rfe1 Ne4 24. f3 Nc5 25. Rxe5 Nxd3 26. Ree1 Nxc1 27.
Rxc1 Rf4 28. Rd1 Rc4 29. Rd2 Kg8 30. Nf5 Kf8 31. Kf2 g6 32. Ne3 Rc5 33. Rd4 Rb5
34. b4 a5 35. a3 axb4 36. axb4 Rb6 37. Kg3 Kg7 38. Kf4 Kf6 39. h4 Rb5 40. g4 Rb6
41. g5+ Ke6 42. Ng4 Ra6 43. Nf6 h6 44. b5 Bxb5 45. Nxd5 hxg5+ 46. Kxg5 Kf7 47.
Nc7 Rb6 48. Rb4 Rc6 49. Nxb5 Rc5+ 50. Kg4 Kf6 51. Nd6 Rd5 52. Nxb7 Kg7 53. Rb6
Rd1 54. Nc5 Rg1+ 55. Kf4 Rh1 56. Kg3 Rg1+ 57. Kf2 Rh1 58. Rb4 Kh6 59. Rg4 Rh2+
60. Kg3 Rc2 61. Ne4 Rc6 62. Rg5 Re6 63. Kf4 Rc6 64. Ke5 Ra6 65. Rg2 Ra5+ 66. Kf4
Rf5+ 67. Kg4 Rb5 68. Rd2 Rb1 69. Rd6 Rg1+ 70. Ng3 Kg7 71. Rd5 Ra1 72. f4 Ra4 73.
Kg5 Ra7 74. Ne4 Rf7 75. Nc5 Kg8 76. Rd8+ 1-0

[Event "FIDE World Rapid Team"]
[Site "London ENG"]
[Date "2025.06.11"]
[Round "3.1"]
[White "Gelfand, Boris"]
[Black "Erigaisi, Arjun"]
[Result "0-1"]
[WhiteTitle "GM"]
[BlackTitle "GM"]
[WhiteElo "2652"]
[BlackElo "2782"]
[WhiteTeam "Rishon LeZion Chess Club"]
[BlackTeam "Team MGD1"]
[WhiteFideId "2805677"]
[BlackFideId "35009192"]
[EventDate "2025.06.11"]
[EventType "team"]

1. Nf3 d5 2. g3 Nf6 3. Bg2 c5 4. O-O e6 5. c4 d4 6. d3 Nc6 7. e3 Nd7 8. b4 dxe3
9. fxe3 cxb4 10. Bb2 a5 11. d4 a4 12. Nbd2 a3 13. Bc1 Be7 14. Nb3 O-O 15. Bd2 e5
16. Qc2 Qc7 17. c5 Nf6 18. Ng5 h6 19. Rxf6 hxg5 20. Rf2 exd4 21. exd4 Bf6 22.
Rxf6 gxf6 23. d5 Ne5 24. Bxb4 Ra4 25. Qc3 Re8 26. Rf1 Qd8 27. Nd2 f5 28. Qb3 Ra6
29. Nc4 Nxc4 30. Qxc4 Rg6 31. Bxa3 Qe7 32. Bb2 f4 33. d6 Qe3+ 34. Kh1 Rh6 35.
Qd4 Qxd4 36. Bxd4 fxg3 37. Bd5 Re2 38. Bxf7+ Kh7 39. Bd5 Be6 40. Bxb7 Rh4 41.
Bf6 Rhxh2+ 42. Kg1 g2 43. Rf2 Re1+ 0-1

[Event "FIDE World Rapid Team"]
[Site "London ENG"]
[Date "2025.06.11"]
[Round "3.2"]
[White "Harikrishna, Pentala"]
[Black "Rodshtein, Maxim"]
[Result "0-1"]
[WhiteTitle "GM"]
[BlackTitle "GM"]
[WhiteElo "2707"]
[BlackElo "2645"]
[WhiteTeam "Team MGD1"]
[BlackTeam "Rishon LeZion Chess Club"]
[WhiteFideId "5007003"]
[BlackFideId "2806851"]
[EventDate "2025.06.11"]
[EventType "team"]

1. Nf3 d5 2. g3 g6 3. Bg2 Bg7 4. O-O e5 5. d3 Nc6 6. Nc3 Nge7 7. e4 dxe4 8. dxe4
O-O 9. Qxd8 Rxd8 10. Nb5 Rd7 11. a4 a6 12. Na3 Rd8 13. c3 Be6 14. Be3 f6 15. b4
Rd7 16. Rfb1 Rad8 17. Bf1 Nc8 18. Nc4 Bf8 19. b5 axb5 20. axb5 N6e7 21. b6 cxb6
22. Nxb6 Rc7 23. c4 Kg7 24. Nd5 Rcd7 25. Nd2 Nd6 26. Rb2 Nc6 27. Rab1 f5 28. f3
Nd4 29. Bg5 Bxd5 30. exd5 Rc8 31. Be3 Kf7 32. Rb6 Bg7 33. Bf2 Rcc7 34. Bd3 Nc8
35. R6b4 Bf8 36. R4b2 Bc5 37. Kg2 b6 38. Re1 Re7 39. Be3 Nd6 40. Bf1 Ra7 41. Nb3
Nxb3 42. Rxb3 Ra2+ 43. Kg1 Rc2 44. Bd3 Bxe3+ 45. Rxe3 Rc1+ 46. Kg2 Nxc4 47. Re2
h5 48. Rb4 Rc7 49. d6 Nxd6 50. Rxe5 R7c6 51. Ra4 Kf6 52. Re2 Rd1 53. Bc2 Rd5 54.
Bb3 Re5 55. Rd2 b5 56. Ra7 Nc4 57. Rd3 Re2+ 58. Kg1 Re1+ 59. Kf2 Rce6 60. Ra2
Rh1 61. Kg2 Rc1 62. Kf2 Rh1 63. Kg2 Rb1 64. Kf2 Ne5 65. Rc3 b4 66. Bc2 bxc3 67.
Bxb1 Rb6 68. Bc2 Rb2 69. Rxb2 cxb2 70. Ke2 Nc4 0-1

[Event "FIDE World Rapid Team"]
[Site "London ENG"]
[Date "2025.06.11"]
[Round "3.3"]
[White "Sokolovsky, Yahli"]
[Black "Anton Guijarro, David"]
[Result "0-1"]
[WhiteTitle "GM"]
[BlackTitle "GM"]
[WhiteElo "2542"]
[BlackElo "2642"]
[WhiteTeam "Rishon LeZion Chess Club"]
[BlackTeam "Team MGD1"]
[WhiteFideId "2820242"]
[BlackFideId "2285525"]
[EventDate "2025.06.11"]
[EventType "team"]

1. e4 c6 2. d4 d5 3. Nd2 dxe4 4. Nxe4 Nf6 5. Nxf6+ exf6 6. c3 Bd6 7. Bd3 O-O 8.
Qc2 g6 9. Ne2 Kg7 10. O-O Re8 11. Bd2 Na6 12. Rfe1 Nc7 13. c4 b5 14. Be4 Bd7 15.
c5 Bf8 16. Nf4 a5 17. a3 Ra6 18. Qc3 Ne6 19. Rad1 Nxf4 20. Bxf4 Bg4 21. Rc1 a4
22. h3 Be6 23. Qf3 Qd7 24. Bd2 f5 25. d5 Bxd5 26. Bxd5 Rxe1+ 27. Rxe1 cxd5 28.
Bc3+ d4 29. c6 Rxc6 30. Bxd4+ Qxd4 31. Qxc6 Qxb2 32. h4 h5 33. Qd5 Bxa3 34. Re8
Qc1+ 35. Kh2 Qc7+ 36. g3 Bc5 37. Kg2 Qd6 38. Qa8 Qd4 39. Rg8+ Kh7 40. Kh3 a3 41.
Rd8 Qa1 42. Kg2 Qb2 43. Kh3 a2 44. Rd7 a1=Q 45. Rxf7+ Kh6 0-1

[Event "FIDE World Rapid Team"]
[Site "London ENG"]
[Date "2025.06.11"]
[Round "3.4"]
[White "Pranav, V"]
[Black "Bronstein, Or"]
[Result "1-0"]
[WhiteTitle "GM"]
[BlackTitle "IM"]
[WhiteElo "2595"]
[BlackElo "2443"]
[WhiteTeam "Team MGD1"]
[BlackTeam "Rishon LeZion Chess Club"]
[WhiteFideId "25060783"]
[BlackFideId "2815770"]
[EventDate "2025.06.11"]
[EventType "team"]

1. e4 c5 2. Nf3 d6 3. Bb5+ Nd7 4. O-O a6 5. Bxd7+ Bxd7 6. c3 Nf6 7. Re1 e6 8. d4
h6 9. e5 dxe5 10. dxe5 Nh7 11. Qe2 Bc6 12. Nbd2 Ng5 13. Nxg5 Qxg5 14. f3 O-O-O
15. Nc4 Qf5 16. a4 Kc7 17. Qf2 g5 18. Be3 g4 19. Nd6 Bxd6 20. exd6+ Kb8 21. fxg4
Qxg4 22. h3 Qc4 23. Kh2 Rhg8 24. Rg1 e5 25. Rad1 Rg6 26. Bxc5 f5 27. Bb6 Rd7 28.
Qxf5 Qg8 29. Rd2 Rg5 30. Qf6 Rg6 31. Qxe5 Kc8 32. Rf2 Rdxd6 33. Qe7 1-0

[Event "FIDE World Rapid Team"]
[Site "London ENG"]
[Date "2025.06.11"]
[Round "3.5"]
[White "Efroimski, Marsel"]
[Black "Tsolakidou, Stavroula"]
[Result "1/2-1/2"]
[WhiteTitle "IM"]
[BlackTitle "IM"]
[WhiteElo "2372"]
[BlackElo "2428"]
[WhiteTeam "Rishon LeZion Chess Club"]
[BlackTeam "Team MGD1"]
[WhiteFideId "2810964"]
[BlackFideId "4264312"]
[EventDate "2025.06.11"]
[EventType "team"]

1. e4 c5 2. Nc3 Nc6 3. Nge2 Nf6 4. d4 cxd4 5. Nxd4 e5 6. Ndb5 d6 7. Bg5 a6 8.
Na3 b5 9. Nd5 Be7 10. Bxf6 Bxf6 11. c3 O-O 12. Nc2 Rb8 13. h4 a5 14. Qf3 Be6 15.
Nce3 b4 16. Rd1 bxc3 17. bxc3 Be7 18. a4 g6 19. Bb5 Na7 20. Nxe7+ Qxe7 21. Nd5
Bxd5 22. Rxd5 Nxb5 23. axb5 Rfc8 24. O-O Qxh4 25. Qd3 Qe7 26. Ra1 Qc7 27. Rxd6
Rxb5 28. Rxg6+ 1/2-1/2

[Event "FIDE World Rapid Team"]
[Site "London ENG"]
[Date "2025.06.11"]
[Round "3.6"]
[White "Atharvaa P Tayade"]
[Black "Raiko, Yossi"]
[Result "1-0"]
[WhiteElo "1956"]
[BlackElo "1963"]
[WhiteTeam "Team MGD1"]
[BlackTeam "Rishon LeZion Chess Club"]
[WhiteFideId "25042955"]
[BlackFideId "2835711"]
[EventDate "2025.06.11"]
[EventType "team"]

1. e4 c6 2. d4 d5 3. exd5 cxd5 4. c4 Nf6 5. cxd5 g6 6. Nc3 Bg7 7. Bc4 O-O 8. Nf3
Nbd7 9. O-O Nb6 10. Qb3 Bf5 11. Bg5 Rc8 12. Bxf6 Bxf6 13. Be2 Qd6 14. Ne5 Bxe5
15. dxe5 Qxe5 16. Rfe1 Qd6 17. a4 Rfd8 18. Rad1 a5 19. Rd4 e5 20. Rd2 Qb4 21.
Qd1 Nc4 22. Bxc4 Rxc4 23. Rxe5 Qd6 24. Qe2 Rb4 25. h3 Bd7 26. Re4 Rc8 27. Rxb4
axb4 28. Ne4 Qe5 29. Ng3 Rc1+ 30. Kh2 Qxe2 31. Nxe2 Ra1 32. b3 Rb1 33. Nd4 Kf8
34. d6 Rc1 35. Nc2 Ke8 36. Nxb4 Be6 37. Nd3 Rc3 38. b4 b6 39. Ne5 Ra3 40. d7+
Bxd7 41. Nxd7 Rxa4 42. Rd4 Ke7 43. Nxb6 1-0

[Event "FIDE World Rapid Team"]
[Site "London ENG"]
[Date "2025.06.11"]
[Round "3.1"]
[White "McShane, Luke J"]
[Black "Martinez Alcantara, Jose Eduardo"]
[Result "0-1"]
[WhiteTitle "GM"]
[BlackTitle "GM"]
[WhiteElo "2615"]
[BlackElo "2611"]
[WhiteTeam "Malcolm's Mates"]
[BlackTeam "Theme International Trading"]
[WhiteFideId "404853"]
[BlackFideId "3805662"]
[EventDate "2025.06.11"]
[EventType "team"]

1. e4 e5 2. Nf3 Nc6 3. Bb5 a6 4. Bxc6 dxc6 5. O-O Bd6 6. d4 exd4 7. Qxd4 f6 8.
Be3 Ne7 9. Nbd2 Be6 10. Qc3 Ng6 11. Nd4 Qd7 12. Nxe6 Qxe6 13. Qb3 Qxb3 14. Nxb3
O-O-O 15. Rad1 Ne5 16. f3 Nc4 17. Bc1 c5 18. Rfe1 Rhe8 19. Nd2 Na5 20. Nf1 Nc6
21. Ne3 b5 22. Nd5 Nd4 23. c3 Ne6 24. g3 c4 25. Be3 Bc5 26. Kf2 Bxe3+ 27. Kxe3
Nc5 28. Nf4 Na4 29. Rxd8+ Rxd8 30. Rb1 Rd6 31. h4 g5 32. hxg5 fxg5 33. Ne2 Rd3+
34. Kf2 Rd2 35. Ke3 Rxb2 36. Rxb2 Nxb2 37. Kd4 Nd3 38. Kd5 h5 39. e5 h4 40. gxh4
gxh4 41. Ke6 h3 42. Kf6 h2 43. Ng3 b4 44. e6 Nf4 45. cxb4 c3 46. e7 Nd5+ 47. Kf7
Nxe7 48. Kxe7 c2 0-1

[Event "FIDE World Rapid Team"]
[Site "London ENG"]
[Date "2025.06.11"]
[Round "3.2"]
[White "Jumabayev, Rinat"]
[Black "Maroroa Jones, Gawain C B"]
[Result "1-0"]
[WhiteTitle "GM"]
[BlackTitle "GM"]
[WhiteElo "2546"]
[BlackElo "2653"]
[WhiteTeam "Theme International Trading"]
[BlackTeam "Malcolm's Mates"]
[WhiteFideId "13702661"]
[BlackFideId "409561"]
[EventDate "2025.06.11"]
[EventType "team"]

1. e4 e5 2. Nf3 Nc6 3. Bc4 Nf6 4. d3 Bc5 5. c3 d6 6. O-O a5 7. Nbd2 O-O 8. h3
Ba7 9. Re1 Ne7 10. Nf1 Ng6 11. Bb3 Re8 12. Ng3 Be6 13. d4 Bxb3 14. axb3 exd4 15.
cxd4 c6 16. Bd2 Bb6 17. Qc2 h6 18. Rad1 Re6 19. Bc3 Rc8 20. Qd2 Ne7 21. Nh4 d5
22. e5 Ne4 23. Nxe4 dxe4 24. Rxe4 f5 25. Ree1 g5 26. Nf3 Nd5 27. Qc2 Qf8 28. Nd2
Bc7 29. Ra1 Ra8 30. Nc4 f4 31. Bxa5 Bxa5 32. Nxa5 Qg7 33. Qf5 Rg6 34. e6 Rf6 35.
Qg4 Re8 36. Nc4 Qe7 37. Re5 b5 38. Nd2 Rxe6 39. Rae1 Rxe5 40. Rxe5 Qf7 41. Ne4
Rxe5 42. dxe5 Qe7 43. Qf5 Kg7 44. Nd6 Nc7 45. Qe4 Qd7 46. Nf5+ Kf8 47. Qb4+ Ke8
48. Nd6+ Kd8 49. Qe4 Ne6 50. Qg6 Kc7 51. Qxh6 f3 52. g3 Nd4 53. Kh2 Qe7 54. Qh8
Qd7 55. Qa8 Nxb3 56. Qa7+ Kd8 57. Qe3 Qe6 58. Qxg5+ Kc7 59. Qe3 c5 60. Qxf3 b4
61. Qb7+ Kd8 62. Qb8+ 1-0

[Event "FIDE World Rapid Team"]
[Site "London ENG"]
[Date "2025.06.11"]
[Round "3.3"]
[White "Vitiugov, Nikita"]
[Black "Tin, Jingyao"]
[Result "1-0"]
[WhiteTitle "GM"]
[BlackTitle "GM"]
[WhiteElo "2671"]
[BlackElo "2583"]
[WhiteTeam "Malcolm's Mates"]
[BlackTeam "Theme International Trading"]
[WhiteFideId "4152956"]
[BlackFideId "5804418"]
[EventDate "2025.06.11"]
[EventType "team"]

1. d4 Nf6 2. c4 e6 3. Nc3 Bb4 4. e3 O-O 5. Bd3 d5 6. a3 Bxc3+ 7. bxc3 c6 8. Ne2
b6 9. cxd5 cxd5 10. f3 Ba6 11. O-O Bxd3 12. Qxd3 Nbd7 13. c4 dxc4 14. Qxc4 Rc8
15. Qb3 Qc7 16. Ra2 Qc4 17. Qxc4 Rc7 18. Qc5 Rxc5 19. e4 Rc4 20. Bf4 b5 21. Kf2
Rfc8 22. Rd1 Nb6 23. g3 Kf8 24. g4 Ke8 25. h4 Rc2 26. Rxc2 Rxc2 27. Rd2 Rxd2 28.
Bxd2 Nc4 29. Bc1 a5 30. Nc3 b4 31. axb4 axb4 32. Na4 Kd7 33. Ke2 Kc6 34. Kd3 Kb5
35. Nc5 h5 36. g5 Ng8 37. g6 fxg6 38. Nxe6 Nd6 39. d5 Nb7 40. Nd4+ Kc5 41. Nb3+
Kb5 42. Kd4 Nd6 43. Bf4 Nc4 44. d6 Nb6 45. e5 Kc6 46. e6 Nf6 47. Be5 Nh7 48.
Na5+ Kb5 49. e7 1-0

[Event "FIDE World Rapid Team"]
[Site "London ENG"]
[Date "2025.06.11"]
[Round "3.4"]
[White "Le, Tuan Minh"]
[Black "Saric, Ivan"]
[Result "1/2-1/2"]
[WhiteTitle "GM"]
[BlackTitle "GM"]
[WhiteElo "2598"]
[BlackElo "2661"]
[WhiteTeam "Theme International Trading"]
[BlackTeam "Malcolm's Mates"]
[WhiteFideId "12401153"]
[BlackFideId "14508150"]
[EventDate "2025.06.11"]
[EventType "team"]

1. d4 Nf6 2. c4 g6 3. Nf3 Bg7 4. g3 O-O 5. Bg2 c6 6. O-O d5 7. b3 Bf5 8. Bb2
Nbd7 9. e3 Qa5 10. Qe2 Rfc8 11. Nbd2 b5 12. Rfc1 bxc4 13. bxc4 Rab8 14. Nb3 Qa6
15. Bf1 Ne4 16. Nfd2 Nxd2 17. Qxd2 Qa4 18. Be2 h5 19. cxd5 cxd5 20. Bd1 Qa6 21.
Bc3 Nf6 22. f3 Nd7 23. Ba5 Qd6 24. Rxc8+ Rxc8 25. Rc1 Rxc1 26. Qxc1 Bh6 27. Kf2
Nb6 28. Be2 Nc4 29. Bxc4 dxc4 30. Qxc4 Qa3 31. Qe2 Bb1 32. Bd8 Bxa2 33. Nc5 e5
34. Bf6 Bg7 35. dxe5 Bxf6 36. exf6 Qxc5 37. Qxa2 Qc3 38. f4 Qxf6 39. Qxa7 Qb2+
40. Kg1 Qc1+ 41. Kg2 Qc2+ 1/2-1/2